000 00877nam a2200289 i 4500
003 EG-GICUC
005 20260128133410.0
008 260128s1998 fr ||fr ||| 000 0 fre d
020 _a2130496083
040 _aEG-GiCUC
_bfre
_cEG-GiCUC
_dEG-GiCUC
_eRda
041 0 _afre
082 0 4 _221
_a341.851
_bOP . T
092 0 4 _221
099 _aLaw1 12 341.851 OP . T 1998
100 1 _aOppetit, Bruno
245 0 3 _aThéorie de l'arbitrage /
_cBruno Oppetit.
264 2 _aParis :
_bPresses Universitaires De France,
_c1998.
300 _a127 page,
_c20 cm.
336 _2rda contenu
_a texte
337 _2rda medias
_aOrdinateur
338 _2 transporteur rda
_a Ressource en ligne
546 _aTexte en français
650 1 4 _aDroit international privé
856 4 0 _uhttps://fll.law.cu.edu.eg/fulltext/bks/B12-02339.pdf
905 _a48
942 _2ddc
_cBK
_e21
_n0
999 _c59933
_d59933